| 000 | 00974nas a22002177a 4500 | ||
|---|---|---|---|
| 007 | ta | ||
| 008 | 230828e20230113xxk||||os||||o00| 0 eng d | ||
| 041 | _aeng | ||
| 245 | _aBatish and other leaseholders v Inspired Sutton Limited and ors | ||
| 260 |
_a[2023] FTT LON/00BF/HYI/2022/0002 _bFirst-Tier Tribunal Property Chamber (Residential Property) _c13 January 2023 |
||
| 520 | _aIn Batish and others v Inspired Sutton Ltd [2023], the First Tier Tribunal granted the applicant leaseholders the first Remediation Contribution Order to be made under the Building Safety Act 2022. | ||
| 650 | _aBUILDING SAFETY ACT 2022 | ||
| 650 | _aCLADDING | ||
| 650 | _aFIRE SAFETY | ||
| 650 | _aJUDGMENT | ||
| 650 | _aLANDLORD AND TENANT ACT 1985 | ||
| 650 | _aREMEDIATION | ||
| 650 | _aREMEDIATION ORDERS | ||
| 651 | _aUnited Kingdom | ||
| 856 |
_uhttps://assets.publishing.service.gov.uk/media/63c57179e90e074ef04efe0a/20230113_Decision___Order_Combined.pdf _zAvailable from FTT |
||
| 999 |
_c121719 _d121719 |
||